Risks (Record no. 24560)
[ view plain ]
| 000 -LEADER | |
|---|---|
| fixed length control field | 01113nam a2200133Ia 4500 |
| 008 - FIXED-LENGTH DATA ELEMENTS--GENERAL INFORMATION | |
| fixed length control field | 220620s9999||||xx |||||||||||||| ||und|| |
| 020 ## - INTERNATIONAL STANDARD BOOK NUMBER | |
| International Standard Book Number | 9783040000000 |
| 245 #0 - TITLE STATEMENT | |
| Title | Risks |
| Remainder of title | Feature Papers 2020 |
| 546 ## - LANGUAGE NOTE | |
| Language note | English[eng] |
| 650 ## - SUBJECT ADDED ENTRY--TOPICAL TERM | |
| Topical term or geographic name entry element | medical services’ consumption||lifestyle factors||insurance plan||structural equation model||stock–bond correlation||VIX||economic policy uncertainty||monetary policy uncertainty||fiscal policy uncertainty||agricultural commodity futures||price discovery||market reflexivity||Hawkes process||poisson autoregressive models||contagion||predictive monitoring||information-based asset pricing||Lévy processes||gamma processes||variance gamma processes||Brownian bridges||gamma bridges||nonlinear filtering||house price prediction||real estate||machine learning||random forest||Lévy process||subordination||option pricing||risk sensitivity||stochastic volatility||Greeks||time-change||time series||volatility||probability-integral transform||ARMA model||copula |
| 700 ## - ADDED ENTRY--PERSONAL NAME | |
| Personal name | Steffensen, Mogens |
| 856 ## - ELECTRONIC LOCATION AND ACCESS | |
| Uniform Resource Identifier | <a href="https://mdpi.com/books/pdfview/book/3798">https://mdpi.com/books/pdfview/book/3798</a> |
| 942 ## - ADDED ENTRY ELEMENTS (KOHA) | |
| Koha item type | E-Books |
| Withdrawn status | Lost status | Damaged status | Not for loan | Home library | Current library | Date acquired | Total Checkouts | Date last seen | Price effective from | Koha item type |
|---|---|---|---|---|---|---|---|---|---|---|
| Kerala University of Digital Sciences, Innovation and Technology Knowledge Centre | Kerala University of Digital Sciences, Innovation and Technology Knowledge Centre | 20/06/2022 | 20/06/2022 | 20/06/2022 | E-Books |